Central Library, Doon University
WEBOPAC (ONLINE PUBLIC ACCESS CATALOGUE)

Energy And Environment Management (Record no. 60067)

MARC details
000 -LEADER
fixed length control field 00489nam a22001937a 4500
005 - DATE & TIME
control field 20260122162917.0
008 - FIXED-LENGTH DATA ELEMENTS--GENERAL INFORMATION
fixed length control field 260122b |||||||| |||| 00| 0 eng d
020 ## - ISBN
International Standard Book Number 9789354668234
Price 395.00
040 ## - CATALOGING SOURCE
Original cataloging agency Doon University
041 ## - Language
Language English
082 ## - DDC NUMBER
Classification number 363.9
Book Number JAI
100 ## - MAIN ENTRY--PERSONAL NAME
Personal name Jain, Rakesh
245 ## - TITLE STATEMENT
Title Energy And Environment Management
260 ## - PUBLICATION, DISTRIBUTION, ETC. (IMPRINT)
Place of publication, distribution, etc New Delhi
Name of publisher, distributor, etc CBS
Date of publication, distribution, etc 2024
300 ## - PHYSICAL DESCRIPTION
Pages 182
650 ## - Subject
Subject Environment Science
700 ## - Added Entry Personal Name
Added Entry Personal Name Gupta, Arvind
942 ## - ADDED ENTRY ELEMENTS (KOHA)
Koha item type Books
100 ## - MAIN ENTRY--PERSONAL NAME
-- 26019
650 ## - Subject
-- 310
700 ## - Added Entry Personal Name
-- 26020
952 ## - LOCATION AND ITEM INFORMATION (KOHA)
-- 2026-01-22
952 ## - LOCATION AND ITEM INFORMATION (KOHA)
-- 2026-01-22
952 ## - LOCATION AND ITEM INFORMATION (KOHA)
-- 2026-01-22
Holdings
Withdrawn status Lost status Source of classification or shelving scheme Damaged status Not for loan Location (home branch) Sublocation or collection (holding branch) Date acquired Koha issues (times borrowed) Koha full call number Accession No. Koha date last seen Koha item type
          Doon University Doon University 22.01.2026   363.9 JAI 51762 22.01.2026 Books
          Doon University Doon University 22.01.2026   363.9 JAI 51763 22.01.2026 Books
          Doon University Doon University 22.01.2026   363.9 JAI 51764 22.01.2026 Books
Contact : +91-135-2533126 (Library),+91-135-2533105 (Admin Office) , Email : doonlibrary@gmail.com

Powered by Koha